000 01122nam a2200337 4500
001 002364
003 DO-SdBPM
005 20260430071632.0
007 ta
008 160411b 1993 sp a | 00| 0 spa d
020 _a8434815044
040 _a DO-SdBPM
_bspa
_cBPMSU
_erda
082 0 4 _a833.91
_bL797r 1993
_222
100 1 _aLobe, Mira
_c1913-
_eautor
_4aut.
245 _aEl rey Túnix /
_cMira Lobe ; traducción Manuel Olasagasti ; ilustraciones y cubierta Roser Ríus.
250 _a11a. ed.
264 _aMadrid;
_bEdiciones SM,
_c1993.
300 _a92 páginas :
_bilustraciones ;
_c20 cm.
336 _atexto
_btxt
_2rdacontent
337 _asin mediación
_bn
_2rdamedia
338 _avolumen
_bnc
_2rdacarrier
490 0 _aEl barco de vapor ;
_aSerie azul,
_v16
500 _aA partir de 7 años.
590 _aInventariado, 2026/VM
650 7 _aCuentos infantiles alemanes.
650 7 _aDisciplina
_vCuentos infantiles
700 1 _aOlasagasti, Manuel,
_qtraductor
700 1 _aRíus, Roser,
_d1947- ,
_e ilustración
910 _aVMateo V. Control de calidad. BPMSU
942 _2ddc
_cBK
999 _c9677
_d9677